The Great Circle

محفوظ في:

التنسيق: دورية

اللغة: Undetermined

منشور في: JSTOR
Australian Association for Maritime History

الموضوعات:

الوصول للمادة أونلاين: Login to view Source

الوسوم: إضافة وسم

لا توجد وسوم, كن أول من يضع وسما على هذه التسجيلة!

رقم الطلب:

LEADER 00603nas a2200193Ia 4500
008 220214c99999999xx |||||||||||| ||und||
022 |a 0156-8698 
022 |a 2209-9409 
245 0 4 |a The Great Circle 
264 1 |b JSTOR 
264 1 |b Australian Association for Maritime History 
362 0 |a Vol. 1(1979)-41 (2019) 
653 1 0 |a History of Science & Technology 
653 1 0 |a Social Sciences 
653 1 0 |a Transportation Studies 
856 4 0 |u https://www.jstor.org/journal/greacirc 
942 |c JL 
952 |0 0  |1 0  |4 0  |7 1  |9 35083  |a JSR  |b JSR  |d 2022-02-14  |l 0  |r 2022-02-14 00:00:00  |w 2022-02-14  |y JL 
999 |c 43416  |d 43416